Empirical Analysis Тowards the Effect of Social Media on Cryptocurrency Price and Volume

Hodnota bitcoinov je vysoko závislá od komunít, ktoré ich používajú. Tento sieťový efekt platí pre všetky nové technológie, dnešné online komunity sú také veľké, že populácia používateľov Facebooku a Youtubu predstihla čínsku populáciu. V spolupráci so spoločnosťou Solume, dátovým centrom založeným...

Ausführliche Beschreibung

Gespeichert in:
Bibliographische Detailangaben
1. Verfasser: Rothman, Tiran
Weitere Verfasser: Yakar, Chen
Format: Buchkapitel
Sprache:Englisch
Schlagworte:
Tags: Tag hinzufügen
Keine Tags, Fügen Sie das erste Tag hinzu!

MARC

LEADER 00000naa a2200000 4500
001 0262488
005 20200220115642.4
041 0 |a eng 
044 |a PT 
245 1 0 |a Empirical Analysis Тowards the Effect of Social Media on Cryptocurrency Price and Volume  |c Tiran Rothman, Chen Yakar 
520 |a Hodnota bitcoinov je vysoko závislá od komunít, ktoré ich používajú. Tento sieťový efekt platí pre všetky nové technológie, dnešné online komunity sú také veľké, že populácia používateľov Facebooku a Youtubu predstihla čínsku populáciu. V spolupráci so spoločnosťou Solume, dátovým centrom založeným na špičkových technológiách, ako aj so spoločnosťou Sentistrength, nástrojom na prieskum názorov a pomocou miliónov vzoriek príspevkov súviasiacich s kryptomenami z Twitteru, Telegramu a Redditu sa zisťuje ako a či platformy sociálnych médií, ovplyvňujú cenu a objem bitcoinov, ako aj cenu a objem ďalších 15 najlepších kryptomien. Korelácia medzi rôznymi kryptomenami. 
610 2 0 |a siete sociálne 
610 2 0 |a mena virtuálna 
610 2 0 |a technológie komunikačné 
610 2 0 |a správanie 
610 2 0 |a trh finančný 
610 2 0 |a analýza dát 
100 1 |a Rothman, Tiran 
700 1 |a Yakar, Chen